000
00311nam a22001097a 4500
008
160422b xxu||||| |||| 00| 0 eng d
020
_a
9780323065818
041
_a
eng
080
_a
618.2
245
_a
Medical surgical nursing:
_c
Sharon L.Lewis; Shannon Ruff Dirksen; Margaret Mclean Heitkemper;
942
_2
udc
_c
BK
999
_c
1520
_d
1520